Biology Etymology - Statistics

General Stats
  • This quiz has been taken 6 times
  • The average score is 43 of 111
Answer Stats
root definition % Correct
-ose | sacchar- sugar
100%
hetero different
83%
adip | lip fat
83%
mono | uni one
83%
homeo | homo same
83%
bi two
83%
hydr water
83%
nephr | ren kidney
67%
lact milk
67%
phyte plant
67%
auto self
67%
-ule small
67%
dors the back
67%
re again
50%
anti against
50%
aero air
50%
zo animal
50%
hem blood
50%
oste bone
50%
cyte cell
50%
mut change
50%
oo | ov egg
50%
tetr four
50%
anter front
50%
chlor green
50%
calor heat
50%
bio life
50%
photo light
50%
multi | poly many
50%
myo muscle
50%
il- | im- | in- | +2 others not
50%
derm skin
50%
gastr stomach
50%
tri three
50%
sym | syn together
50%
leuko white
50%
epi above
33%
omni all
33%
retro backward
33%
som | somat body
33%
ploid chromosome
33%
cycl circle
33%
pino drink
33%
geo earth
33%
card heart
33%
phyll leaf
33%
kine move
33%
erythro red
33%
ology study of
33%
per | trans through
33%
temp time
33%
eu true
33%
bronch | trach- windpipe
33%
dis apart, out
17%
gymno bare
17%
ventr belly
17%
meta between, middle
17%
macro big, large
17%
cata breakdown, downward
17%
-vor- devour, eat
17%
telo end
17%
ase forms name of enzyme
17%
pro forward, before
17%
herb grass, plants
17%
sperm having seeds
17%
cephal head
17%
itis inflammation of
17%
en | endo in, into, within
17%
hypo less, below
17%
phil loving, fond of
17%
pneumo | pulmo lungs, breathe
17%
onc mass, tumor
17%
carn meat, flesh
17%
meso middle
17%
hyper more, excessive
17%
bryo moss
17%
de not, away from
17%
a | an not, without
17%
karyo nucleus
17%
hapl one, simple
17%
ex out of, away from
17%
stasis placed, staying
17%
lys | lyt split, break, dissolve
17%
gluc sweet, sugar
17%
phago to feed or eat
17%
thigmo touch
17%
trop turn, react
17%
di | dipl two, double
17%
co | con with, together
17%
zygo yolk
17%
No matching quizzes found
Score Distribution
Percent of People with Each Score
Percentile by Number Answered
Your Score History
You have not taken this quiz